[Event "ODJM A 2018"]
[Site "Willingen GER"]
[Date "2018.05.23"]
[Round "6"]
[White "Englert, Jon"]
[Black "Nguyen, Ha Thanh"]
[Result "1-0"]
[Termination "normal"]
[Board "25"]
[WhiteElo "2031"]
[BlackElo "1882"]
[PlyCount "101"]
[WhiteFideId "12992275"]
[BlackFideId "12942154"]
[EventCountry "GER"]
[EventRounds "9"]
[EventType "swiss"]
[EventDate "2018.05.19"]

1. d4 Nf6 2. c4 g6 3. f3 e5 4. dxe5 Nh5 5. Nh3 Nc6 6. Bg5 Be7 7. Bxe7 Qxe7 8.
Nc3 Qxe5 9. g4 Nf6 10. Qd2 d6 11. g5 Nh5 12. Nd5 O-O 13. O-O-O Rb8 14. Nf2 b5
15. f4 Qg7 16. Bg2 Bd7 17. Ne4 Bf5 18. Ng3 Kh8 19. Nf6 Nxf6 20. gxf6 Qxf6 21.
Bxc6 bxc4 22. Qd4 Qxd4 23. Rxd4 Be6 24. Bd5 c5 25. Rd2 Rb6 26. Rhd1 Bxd5 27.
Rxd5 Rfb8 28. Rxd6 Rxb2 29. Rd8+ Kg7 30. Rxb8 Rxb8 31. Rd5 Rb5 32. Ne4 Ra5 33.
Kb2 Rb5+ 34. Kc2 Ra5 35. Nc3 Kf6 36. e3 Kg7 37. Rd6 Kh6 38. a4 Kg7 39. Kd2 Kf8
40. e4 Ke7 41. Rc6 Kd7 42. Rf6 Ke8 43. Ke3 Ke7 44. e5 Ke8 45. Ke4 Ke7 46. Kd5
Ke8 47. Rc6 Kd8 48. Rxc5 Ra6 49. Kxc4 Ke8 50. a5 Re6 51. Ne4 1-0

[Event "ODJM A 2018"]
[Site "Willingen GER"]
[Date "2018.05.23"]
[Round "6"]
[White "Grunert, Friedrich"]
[Black "Pölt, Christoph"]
[Result "1/2-1/2"]
[Termination "normal"]
[Board "26"]
[WhiteElo "1828"]
[BlackElo "1903"]
[PlyCount "57"]
[WhiteFideId "12995592"]
[BlackFideId "12960853"]
[EventCountry "GER"]
[EventRounds "9"]
[EventType "swiss"]
[EventDate "2018.05.19"]

1. e4 c5 2. Nf3 d6 3. Bb5+ Bd7 4. Bxd7+ Qxd7 5. O-O Nc6 6. c3 Nf6 7. Qe2 e6 8.
d4 cxd4 9. cxd4 d5 10. e5 Ne4 11. Be3 Be7 12. Ne1 f6 13. f3 Ng5 14. Nd3 Nf7 15.
Bf2 f5 16. h4 O-O-O 17. a3 Rdg8 18. b4 g5 19. h5 Nh6 20. g4 fxg4 21. fxg4 Rf8
22. Nd2 Kb8 23. Rfb1 Bd8 24. Be3 Rhg8 25. a4 Rg7 26. a5 Rff7 27. Rc1 Qe8 28.
Rcb1 Qd7 29. Rc1 1/2-1/2

[Event "ODJM A 2018"]
[Site "Willingen GER"]
[Date "2018.05.23"]
[Round "6"]
[White "Muckle, Richard"]
[Black "Matthes, Aaron"]
[Result "0-1"]
[Termination "normal"]
[Board "27"]
[WhiteElo "2014"]
[BlackElo "1689"]
[PlyCount "132"]
[WhiteFideId "12942553"]
[BlackFideId "16227310"]
[EventCountry "GER"]
[EventRounds "9"]
[EventType "swiss"]
[EventDate "2018.05.19"]

1. d4 d5 2. g3 Nf6 3. Bg2 e6 4. Nf3 c5 5. c3 Nc6 6. O-O b6 7. Re1 Bb7 8. Bg5
cxd4 9. Nxd4 Be7 10. Nd2 Nxd4 11. cxd4 h6 12. Bxf6 Bxf6 13. Rc1 Qd7 14. e3 O-O
15. Qb3 Rfc8 16. Rc3 Rxc3 17. bxc3 Rc8 18. Bf1 Be7 19. a4 Bc6 20. Bb5 Qc7 21.
Rc1 Bb7 22. Rc2 22... Qd6 {(=)} 23. f4 Qa3 24. Kf2 Qxb3 25. Nxb3 Bb4 26. Nc5
Bxc5 27. dxc5 Rxc5 28. Ke2 Kf8 29. Kd2 Ke7 30. Rb2 Bc6 31. Bxc6 Rxc6 32. a5 Kf6
33. axb6 axb6 34. Kd3 Ke7 35. g4 Kd6 36. Ra2 Rc7 37. Ra8 f6 38. Rb8 Kc6 39. Re8
Rb7 40. Rxe6+ Kd7 41. f5 41... b5 {(=)} 42. Ra6 Ke7 43. h3 b4 44. cxb4 Rxb4 45.
Ra7+ Kf8 46. Rd7 Rb2 47. Kd4 Rd2+ 48. Kc5 Rh2 49. Kxd5 Rxh3 50. e4 Rg3 51. Ke6
Kg8 52. Rd8+ Kh7 53. Kf7 Rxg4 54. Rg8 h5 55. e5 {(=)} 55... fxe5 56. Re8 e4 57.
Re5 Kh6 58. Ke6 h4 59. Ra5 e3 60. Ke5 e2 61. Ra1 Kg5 62. Rh1 h3 63. Re1 h2 64.
f6 gxf6+ 65. Ke6 Rg1 66. Rxe2 h1=Q 0-1

[Event "ODJM A 2018"]
[Site "Willingen GER"]
[Date "2018.05.23"]
[Round "6"]
[White "Schimnatkowski, Lukas"]
[Black "Brandl, Lea Maria"]
[Result "1-0"]
[Termination "normal"]
[Board "28"]
[WhiteElo "2051"]
[BlackElo "1932"]
[PlyCount "93"]
[WhiteFideId "12936723"]
[BlackFideId "24693049"]
[EventCountry "GER"]
[EventRounds "9"]
[EventType "swiss"]
[EventDate "2018.05.19"]

1. g3 d5 2. Bg2 Nf6 3. Nf3 c5 4. O-O Nc6 5. d3 e5 6. e4 Be7 7. Nbd2 O-O 8. Re1
d4 9. Nc4 Nd7 10. a4 b6 11. c3 Rb8 12. Bd2 a6 13. cxd4 cxd4 14. b4 b5 15. axb5
Rxb5 16. Rb1 Qc7 17. Na3 Rb6 18. Qa4 Qb8 19. Rec1 Nxb4 20. Rxc8 Rxc8 21. Qxd7
Rc7 22. Qa4 Nxd3 23. Rxb6 Qxb6 24. Bf1 Nc5 25. Qe8+ Bf8 26. Nc4 Qf6 27. Ncxe5
Re7 28. Qb8 Qe6 29. Bc4 Qf6 30. Bg5 Rb7 31. Qxb7 Nxb7 32. Bxf6 gxf6 33. Nd7 Be7
34. Bxa6 Nd6 35. Bd3 Kg7 36. Nxd4 Kg8 37. Nf5 Nxf5 38. exf5 Kg7 39. Nb6 Bc5 40.
Nd5 Bd4 41. Kg2 Kh6 42. Nc7 Kg5 43. h4+ Kh6 44. Ne8 Be5 45. Kh3 Bd4 46. f4 Bc3
47. Kg4 1-0

[Event "ODJM A 2018"]
[Site "Willingen GER"]
[Date "2018.05.23"]
[Round "6"]
[White "Seref, Erdogan"]
[Black "Wübker, Paul-Luca"]
[Result "0-1"]
[Termination "normal"]
[Board "29"]
[WhiteElo "1991"]
[BlackElo "2132"]
[PlyCount "140"]
[WhiteFideId "16206827"]
[BlackFideId "12939528"]
[EventCountry "GER"]
[EventRounds "9"]
[EventType "swiss"]
[EventDate "2018.05.19"]

1. e4 c5 2. c3 Nf6 3. e5 Nd5 4. Nf3 Nc6 5. Bc4 Nb6 6. Bb3 d5 7. exd6 c4 8. Bc2
Qxd6 9. O-O Bg4 10. h3 Bh5 11. Re1 e6 12. b3 O-O-O 13. Na3 f5 14. Qe2 g6 15.
Nb5 Qd5 16. Qxe6+ Qxe6 17. Rxe6 Bxf3 18. gxf3 a6 19. Na3 Bxa3 20. Bxa3 Rxd2 21.
Rc1 Nd5 22. Kf1 Nf4 23. Rd6 Rxd6 24. Bxd6 Nxh3 25. f4 Nd8 26. Kg2 Nf7 27. Be5
Nxe5 28. fxe5 Nf4+ 29. Kf3 Ne6 30. Ke3 cxb3 31. Bxb3 Nc5 32. Bd5 Kc7 33. Kd4 b6
34. Rh1 a5 35. Rh6 Kd7 36. Kc4 Na6 37. a4 Nc7 38. f4 Ke7 39. Kd4 Na6 40. Kc4
Kd7 41. Kb5 Nc7+ 42. Kc4 Ke7 43. Rh2 h5 44. Rg2 Rd8 45. Bf3 Kf7 46. Rb2 Rb8 47.
Rd2 Ke7 48. Rg2 Kf7 49. Bd5+ Kg7 50. Kd4 Rd8 51. c4 Ne6+ 52. Ke3 Nc5 53. Ra2
Re8 54. Kd4 Rh8 55. Ke3 h4 56. Kf3 g5 57. fxg5 Kg6 58. e6 Kxg5 59. Re2 Kf6 60.
e7 Re8 61. Rh2 Rxe7 62. Rxh4 Nxa4 63. Rh6+ Kg5 64. Rc6 f4 65. Be4 Nc5 66. Rg6+
Kh5 67. Bf5 Re1 68. Kxf4 Rf1+ 69. Ke5 Nd7+ 70. Bxd7 Kxg6 0-1

[Event "ODJM A 2018"]
[Site "Willingen GER"]
[Date "2018.05.23"]
[Round "6"]
[White "Teichert, Felix"]
[Black "Langner, Jasper"]
[Result "1-0"]
[Termination "normal"]
[Board "30"]
[WhiteElo "1970"]
[BlackElo "1707"]
[PlyCount "27"]
[WhiteFideId "12987670"]
[BlackFideId "16202554"]
[EventCountry "GER"]
[EventRounds "9"]
[EventType "swiss"]
[EventDate "2018.05.19"]

1. Nc3 Nf6 2. e4 d6 3. d4 g6 4. Bg5 Bg7 5. f4 c6 6. Nf3 Qa5 7. Qd2 Nbd7 8.
O-O-O O-O 9. e5 Nd5 10. Nxd5 Qxd5 11. c4 Qe6 12. d5 cxd5 13. cxd5 Qg4 14. h3
1-0

[Event "ODJM A 2018"]
[Site "Willingen GER"]
[Date "2018.05.23"]
[Round "6"]
[White "Petersen, Finn Christopher"]
[Black "Elier, Ali"]
[Result "0-1"]
[Termination "normal"]
[Board "31"]
[WhiteElo "1821"]
[BlackElo "1987"]
[PlyCount "56"]
[WhiteFideId "12964840"]
[BlackFideId "16217543"]
[EventCountry "GER"]
[EventRounds "9"]
[EventType "swiss"]
[EventDate "2018.05.19"]

1. e4 e5 2. Nf3 Nc6 3. d4 exd4 4. Nxd4 Nf6 5. Nc3 Nxe4 6. Nxe4 Qe7 7. f3 d5 8.
Bb5 Bd7 9. Bxc6 bxc6 10. O-O dxe4 11. fxe4 g6 12. Qf3 Bg7 13. Be3 O-O 14. c3 f6
15. Nb3 Rfe8 16. Nc5 Be6 17. Bd4 Bc4 18. Rf2 f5 19. Bxg7 Kxg7 20. exf5 Qxc5 21.
fxg6 Rf8 22. Qg3 hxg6 23. b3 Qxf2+ 24. Qxf2 Rxf2 25. Kxf2 Rf8+ 26. Ke3 Rf1 27.
Rxf1 Bxf1 28. g4 g5 0-1

[Event "ODJM A 2018"]
[Site "Willingen GER"]
[Date "2018.05.23"]
[Round "6"]
[White "Möller, Lisa-Marie"]
[Black "Reitz, Philipp"]
[Result "0-1"]
[Termination "normal"]
[Board "32"]
[WhiteElo "1865"]
[BlackElo "1975"]
[PlyCount "118"]
[WhiteFideId "12959367"]
[BlackFideId "12973297"]
[EventCountry "GER"]
[EventRounds "9"]
[EventType "swiss"]
[EventDate "2018.05.19"]

1. e4 c5 2. Nf3 e6 3. d4 cxd4 4. Nxd4 Nc6 5. c4 Nf6 6. Nc3 Bb4 7. Nxc6 bxc6 8.
Bd3 e5 9. O-O O-O 10. Bd2 Bc5 11. Na4 Bd4 12. Bc3 d6 13. Bxd4 exd4 14. c5 Re8
15. f3 Rb8 16. Qc2 d5 17. Rae1 dxe4 18. fxe4 Ng4 19. Qd2 Ne3 20. Rf3 Re5 21. b3
Bg4 22. Rf2 Be6 23. Rc1 h5 24. Nb2 Qg5 25. b4 Bh3 26. Re1 Be6 27. Bb1 Ng4 28.
Rfe2 Qd8 29. Nd3 Rg5 30. h3 Ne3 31. Nf4 Nc4 32. Nxe6 fxe6 33. Qd3 Ne5 34. Qb3
Rg6 35. Kh1 d3 36. Rd2 Qh4 37. Rf1 Qxe4 38. Bxd3 Nxd3 39. Qxd3 Qxd3 40. Rxd3
Rxb4 41. Rd8+ Kh7 42. Rff8 Rg5 43. Rf2 Rxc5 44. Rd7 a5 45. Re7 Re4 46. Kh2 Rg5
47. Rc2 c5 48. Rc7 Ra4 49. R7xc5 Rxc5 50. Rxc5 Kg6 51. Rc2 Kf5 52. Kg3 h4+ 53.
Kf3 e5 54. Ke3 Ra3+ 55. Kf2 Kf4 56. Rb2 Rc3 57. Rd2 e4 58. Rd7 Rc2+ 59. Kf1 g5
0-1

[Event "ODJM A 2018"]
[Site "Willingen GER"]
[Date "2018.05.23"]
[Round "6"]
[White "Gallasch, Robin"]
[Black "Zeuner, Ole"]
[Result "0-1"]
[Termination "normal"]
[Board "33"]
[WhiteElo "1752"]
[BlackElo "1982"]
[PlyCount "80"]
[WhiteFideId "16222423"]
[BlackFideId "12943576"]
[EventCountry "GER"]
[EventRounds "9"]
[EventType "swiss"]
[EventDate "2018.05.19"]

1. d4 Nf6 2. c4 e6 3. Nf3 b6 4. g3 Ba6 5. b3 Bb4+ 6. Bd2 Be7 7. Bg2 Bb7 8. Nc3
O-O 9. O-O d5 10. cxd5 exd5 11. Bf4 Nbd7 12. Rc1 c5 13. Ne5 Nxe5 14. Bxe5 Ne4
15. Qd3 Nxc3 16. Rxc3 Qd7 17. Rd1 Rad8 18. h4 a5 19. Kh2 a4 20. h5 h6 21. Bh3
Qc6 22. Bf5 c4 23. Qf3 b5 24. bxa4 b4 25. Rcc1 Bc8 26. Bxc8 Rxc8 27. Qg4 Bf6
28. Bf4 Kh8 29. Qf5 Rfe8 30. e3 Ra8 31. Kg2 Rxa4 32. g4 Rxa2 33. Rh1 Qe6 34.
Qb1 Qxg4+ 35. Bg3 b3 36. Rc3 Rea8 37. Rxb3 cxb3 38. Qxb3 Qe4+ 39. Kh2 Ra1 40.
Rxa1 Rxa1 0-1

[Event "ODJM A 2018"]
[Site "Willingen GER"]
[Date "2018.05.23"]
[Round "6"]
[White "Wachtel, Arthur"]
[Black "Bartelt, Max Peter"]
[Result "1/2-1/2"]
[Termination "normal"]
[Board "34"]
[WhiteElo "1932"]
[BlackElo "1807"]
[PlyCount "63"]
[WhiteFideId "12988510"]
[BlackFideId "12967289"]
[EventCountry "GER"]
[EventRounds "9"]
[EventType "swiss"]
[EventDate "2018.05.19"]

1. e4 c5 2. Nf3 d6 3. Bb5+ Bd7 4. Bxd7+ Qxd7 5. c4 Nc6 6. d4 cxd4 7. Nxd4 Nf6
8. Nc3 g6 9. b3 Bg7 10. Bb2 O-O 11. O-O a6 12. Nxc6 bxc6 13. Na4 Qc7 14. Re1
Nd7 15. Bxg7 Kxg7 16. Qd4+ Kg8 17. Rac1 Rfd8 18. h3 c5 19. Qe3 Ne5 20. f4 Nc6
21. e5 Nd4 22. Nc3 e6 23. Qf2 Rac8 24. Rcd1 d5 25. cxd5 exd5 26. Na4 Nb5 27.
Rc1 d4 28. Nxc5 Nc3 29. Nd3 Qa5 30. Rc2 Qb5 31. Qd2 Rc6 32. Nb2 1/2-1/2

[Event "ODJM A 2018"]
[Site "Willingen GER"]
[Date "2018.05.23"]
[Round "6"]
[White "Wanner, Lukas"]
[Black "Reucker, Friedrich"]
[Result "1/2-1/2"]
[Termination "normal"]
[Board "35"]
[WhiteElo "2045"]
[BlackElo "1882"]
[PlyCount "26"]
[WhiteFideId "12918148"]
[BlackFideId "12993670"]
[EventCountry "GER"]
[EventRounds "9"]
[EventType "swiss"]
[EventDate "2018.05.19"]

1. c4 c6 2. g3 Nf6 3. Bg2 d5 4. Nf3 dxc4 5. a4 Be6 6. Na3 Qd5 7. O-O g6 8. h4
Qc5 9. Qc2 Na6 10. Ng5 Bg4 11. Nf3 Be6 12. Ng5 Bg4 13. Nf3 Be6 1/2-1/2

[Event "ODJM A 2018"]
[Site "Willingen GER"]
[Date "2018.05.23"]
[Round "6"]
[White "Fistoul, Boris"]
[Black "Meiwes, Thore"]
[Result "0-1"]
[Termination "normal"]
[Board "36"]
[WhiteElo "1953"]
[BlackElo "1771"]
[PlyCount "98"]
[WhiteFideId "12953962"]
[BlackFideId "16201256"]
[EventCountry "GER"]
[EventRounds "9"]
[EventType "swiss"]
[EventDate "2018.05.19"]

1. d4 g6 2. c4 Bg7 3. e4 d6 4. f3 Nf6 5. Nc3 O-O 6. Bg5 c5 7. d5 a6 8. a4 e6 9.
Qd2 exd5 10. cxd5 Nbd7 11. Nh3 Re8 12. Be2 Rb8 13. Nf2 Qc7 14. g4 Ne5 15. h4 b5
16. axb5 axb5 17. Qf4 b4 18. Nb5 Qe7 19. h5 Bd7 20. Nc7 Rec8 21. Ra7 c4 22.
hxg6 hxg6 23. Bh6 Qf8 24. Ne6 Bxh6 25. Rxh6 fxe6 26. dxe6 Bxe6 27. Qh2 Qg7 28.
Rxg7+ Kxg7 29. g5 Nh5 30. f4 Nd3+ 31. Nxd3 cxd3 32. Bxh5 Rc2 33. Rxg6+ Kf8 34.
Rf6+ Kg7 35. Qxc2 dxc2 36. Kd2 Rc8 37. Kc1 Bb3 38. Rxd6 Ra8 39. Rc6 Ra1+ 40.
Kd2 Rd1+ 41. Ke3 c1=Q+ 42. Rxc1 Rxc1 43. f5 Rb1 44. e5 Rxb2 45. e6 Kf8 46. Kd4
Rg2 47. Bf7 Rxg5 48. Ke5 Bc2 49. Bg6 Rxg6 0-1

[Event "ODJM A 2018"]
[Site "Willingen GER"]
[Date "2018.05.23"]
[Round "6"]
[White "Schilay, Lorenz"]
[Black "Klenk, Sofie"]
[Result "0-1"]
[Termination "normal"]
[Board "37"]
[WhiteElo "1920"]
[BlackElo "1898"]
[PlyCount "77"]
[WhiteFideId "12930180"]
[BlackFideId "12996653"]
[EventCountry "GER"]
[EventRounds "9"]
[EventType "swiss"]
[EventDate "2018.05.19"]

1. e4 c5 2. c3 d5 3. exd5 Qxd5 4. d4 Nf6 5. Nf3 e6 6. Na3 a6 7. Nc4 Qd8 8. Be2
Nc6 9. O-O cxd4 10. cxd4 Be7 11. Be3 O-O 12. Rc1 Nd5 13. Nfe5 Nxe5 14. Nxe5 f6
15. Nd3 Bd7 16. Qb3 Bc6 17. Bf3 Rc8 18. Rfe1 Kh8 19. Bd2 Qd7 20. Nc5 Bxc5 21.
dxc5 e5 22. Ba5 Ne7 23. Red1 Qf5 24. Bxc6 Nxc6 25. Bc3 Rc7 26. Qb6 Qc8 27. b4
Rd7 28. a4 Rfd8 29. Rxd7 Qxd7 30. h3 h6 31. b5 axb5 32. axb5 Ne7 33. Qa5 Rc8
34. Bb4 Kg8 35. c6 bxc6 36. Bxe7 Qxe7 37. Rxc6 Rb8 38. Rc7 Rxb5 39. Qxb5 0-1

[Event "ODJM A 2018"]
[Site "Willingen GER"]
[Date "2018.05.23"]
[Round "6"]
[White "Jurga, Jonas Vincent"]
[Black "Lohr, Maximilian"]
[Result "1-0"]
[Termination "normal"]
[Board "38"]
[WhiteElo "1857"]
[BlackElo "1876"]
[PlyCount "79"]
[WhiteFideId "12968013"]
[BlackFideId "12999717"]
[EventCountry "GER"]
[EventRounds "9"]
[EventType "swiss"]
[EventDate "2018.05.19"]

1. e4 d5 2. exd5 Qxd5 3. Nc3 Qd6 4. g3 Nf6 5. Bg2 Nc6 6. h3 Bf5 7. Nf3 O-O-O 8.
d3 e5 9. Nh4 Be6 10. O-O Qd7 11. Kh2 h6 12. Qf3 Be7 13. Ne4 Nd4 14. Qd1 Nxe4
15. dxe4 Bxh4 16. gxh4 Qe7 17. Bd2 Qxh4 18. c3 Nc6 19. Qe2 Qe7 20. b4 g5 21. b5
Na5 22. Rfc1 h5 23. Be3 g4 24. c4 gxh3 25. Bf3 f5 26. c5 f4 27. b6 fxe3 28.
bxa7 Kd7 29. Rd1+ Ke8 30. Bxh5+ Bf7 31. Rxd8+ Qxd8 32. Rd1 Qa8 33. Bxf7+ Kxf7
34. Qf3+ Ke7 35. Qf5 Qc8 36. Qxe5+ Kf7 37. fxe3 Rh7 38. Rf1+ Kg8 39. Qf6 Rg7
40. Qf8+ 1-0

[Event "ODJM A 2018"]
[Site "Willingen GER"]
[Date "2018.05.23"]
[Round "6"]
[White "Tham, Minh"]
[Black "Herbrig, Marie-Helén"]
[Result "1-0"]
[Termination "normal"]
[Board "39"]
[WhiteElo "1910"]
[BlackElo "1909"]
[PlyCount "83"]
[WhiteFideId "12997323"]
[BlackFideId "12900427"]
[EventCountry "GER"]
[EventRounds "9"]
[EventType "swiss"]
[EventDate "2018.05.19"]

1. d4 Nf6 2. c4 e6 3. Nc3 Bb4 4. f3 d5 5. a3 Bxc3+ 6. bxc3 c6 7. e3 Nbd7 8. Bd3
O-O 9. Ne2 b6 10. cxd5 exd5 11. O-O Re8 12. Ng3 Bb7 13. e4 dxe4 14. fxe4 c5 15.
e5 Nd5 16. Bxh7+ Kxh7 17. Qh5+ Kg8 18. Qxf7+ Kh8 19. Qh5+ Kg8 20. Qf7+ Kh8 21.
Nf5 Re7 22. Nxe7 Qxe7 23. Qxe7 Nxe7 24. Rf7 Re8 25. Bg5 cxd4 26. cxd4 Nxe5 27.
dxe5 Nc6 28. Rxb7 Rxe5 29. h4 Rb5 30. Rc1 Nd4 31. Rc8+ Kh7 32. Bf6 Rb1+ 33. Kh2
Nf5 34. Bxg7 Kg6 35. Rc6+ Kh5 36. Be5 Kg4 37. Rg6+ Kh5 38. Rg5+ Kxh4 39. Rxf5
Kg4 40. Rf4+ Kh5 41. Rg7 Rb5 42. g3 1-0

[Event "ODJM A 2018"]
[Site "Willingen GER"]
[Date "2018.05.23"]
[Round "6"]
[White "Müller, Magnus"]
[Black "Perkampus, Laurin"]
[Result "1-0"]
[Termination "normal"]
[Board "40"]
[WhiteElo "1782"]
[BlackElo "1628"]
[PlyCount "111"]
[WhiteFideId "16230060"]
[BlackFideId "16232283"]
[EventCountry "GER"]
[EventRounds "9"]
[EventType "swiss"]
[EventDate "2018.05.19"]

1. e4 c5 2. Nf3 d6 3. d4 cxd4 4. Nxd4 Nf6 5. Nc3 g6 6. Be3 Bg7 7. f3 O-O 8. Qd2
Nc6 9. g4 Ne5 10. Be2 d5 11. g5 Ne8 12. Nxd5 Nd6 13. b3 Bg4 14. O-O-O Bd7 15.
Kb1 a5 16. c3 a4 17. Qb2 e6 18. Nb4 Qb8 19. f4 Nc6 20. Ndxc6 Bxc6 21. Nxc6 bxc6
22. e5 Nb5 23. b4 a3 24. Qb3 Ra4 25. Bc5 Rd8 26. c4 Nd4 27. Rxd4 Rxd4 28. Qxa4
Rd2 29. Bd6 Rb2+ 30. Kc1 Qb7 31. Qxa3 Rxe2 32. Rd1 Rxh2 33. Bc5 h5 34. Kb1 h4
35. Qa7 Qxa7 36. Bxa7 Bf8 37. b5 cxb5 38. cxb5 Ba3 39. Rd3 h3 40. Rxa3 Rh1+ 41.
Kc2 h2 42. Rh3 Ra1 43. Kb2 h1=Q 44. Rxh1 Rxh1 45. b6 Kg7 46. b7 Rh8 47. b8=Q
Rxb8+ 48. Bxb8 Kf8 49. Kc3 Ke7 50. Kd4 Kd7 51. Kc5 Ke7 52. a4 Kd7 53. a5 Kc8
54. Kd6 Kxb8 55. Ke7 f5 56. gxf6 1-0

[Event "ODJM A 2018"]
[Site "Willingen GER"]
[Date "2018.05.23"]
[Round "6"]
[White "Wissing, Philipp"]
[Black "von Freymann, Franz"]
[Result "1/2-1/2"]
[Termination "normal"]
[Board "41"]
[WhiteElo "1802"]
[BlackElo "1809"]
[PlyCount "82"]
[WhiteFideId "12993654"]
[BlackFideId "12994014"]
[EventCountry "GER"]
[EventRounds "9"]
[EventType "swiss"]
[EventDate "2018.05.19"]

1. b3 e5 2. Bb2 Nc6 3. e3 a6 4. c4 Bc5 5. Nf3 d6 6. Be2 f5 7. d4 Bb4+ 8. Nc3 e4
9. Nd2 Nf6 10. a3 Bxc3 11. Bxc3 Bd7 12. f3 Qe7 13. f4 Nd8 14. b4 Nf7 15. d5 Rg8
16. Nb3 g5 17. Qd4 Ng4 18. Bxg4 fxg4 19. Nd2 gxf4 20. Nxe4 Rg6 21. exf4 c5 22.
Qe3 Bf5 23. Kd2 Bxe4 24. Rae1 Kd7 25. Qxe4 Qxe4 26. Rxe4 Re8 27. Rxe8 Kxe8 28.
Re1+ Kd7 29. Re2 b6 30. Ke1 Nh6 31. bxc5 bxc5 32. Rb2 Kc7 33. a4 Nf5 34. Re2
Kd7 35. Kd2 h5 36. Kd3 g3 37. h3 Rg8 38. Rb2 Kc7 39. Ke4 Rf8 40. Kf3 Re8 41.
Re2 Nh4+ 1/2-1/2

[Event "ODJM A 2018"]
[Site "Willingen GER"]
[Date "2018.05.23"]
[Round "6"]
[White "Günther, Emil"]
[Black "Buhr, Patrick"]
[Result "1/2-1/2"]
[Termination "normal"]
[Board "42"]
[WhiteElo "1584"]
[BlackElo "1797"]
[PlyCount "140"]
[WhiteFideId "16228154"]
[BlackFideId "16206436"]
[EventCountry "GER"]
[EventRounds "9"]
[EventType "swiss"]
[EventDate "2018.05.19"]

1. d4 d5 2. Nf3 Nf6 3. g3 Bf5 4. Bg2 e6 5. O-O Bd6 6. Nbd2 O-O 7. c4 c6 8. b3
Nbd7 9. Bb2 Rc8 10. h3 Re8 11. Rc1 h6 12. Re1 Bh7 13. c5 Bb8 14. b4 e5 15. dxe5
Nxe5 16. Nxe5 Bxe5 17. Bxe5 Rxe5 18. Qa4 a6 19. Nb3 Qe7 20. Na5 d4 21. Qd1 Rd8
22. Nc4 Re6 23. Nd6 Ne8 24. Qxd4 Nxd6 25. cxd6 Rexd6 26. Qc5 Qe6 27. Qb6 R8d7
28. a4 Bf5 29. h4 Rd2 30. Qc5 Bg4 31. Bf3 Bxf3 32. exf3 Qd5 33. Qxd5 cxd5 34.
Rc5 d4 35. b5 axb5 36. axb5 d3 37. Kf1 Rc2 38. Rce5 f6 39. R5e3 Rb2 40. Rd1
Rxb5 41. Rexd3 Rxd3 42. Rxd3 Rb2 43. f4 {(=)} 43... b5 44. f5 h5 45. Rd6 b4 46.
Rb6 b3 47. Kg2 Rb1 48. Kf3 b2 49. Kg2 Kf8 50. f3 Ke7 51. g4 hxg4 52. fxg4 Kd7
53. g5 fxg5 54. hxg5 Kc7 55. Rb3 Kd6 56. Rb6+ 56... Ke7 {(=)} 57. Rb5 Kf7 58.
Rb4 Ke7 59. Rb7+ Kf8 60. g6 Rc1 61. Rxb2 Rc5 62. Rf2 Ke7 63. Kg3 Kf6 64. Kg4
Re5 65. Rf4 Re1 66. Rc4 Rg1+ 67. Kf4 Rf1+ 68. Kg4 Rg1+ 69. Kf4 Rf1+ 70. Kg4
Rg1+ 1/2-1/2

[Event "ODJM A 2018"]
[Site "Willingen GER"]
[Date "2018.05.24"]
[Round "7"]
[White "Ehmann, Thilo"]
[Black "Heldt, Maximilian"]
[Result "1/2-1/2"]
[Termination "normal"]
[Board "1"]
[WhiteTitle "FM"]
[WhiteElo "2287"]
[BlackElo "2050"]
[WhiteClock "00:18:16"]
[BlackClock "00:17:29"]
[PlyCount "91"]
[WhiteFideId "12940968"]
[BlackFideId "12952346"]
[EventCountry "GER"]
[EventRounds "9"]
[EventType "swiss"]
[EventDate "2018.05.19"]

1. e4 {[%clk 1:30:59]} 1... e6 {[%clk 1:30:56]} 2. c4 {[%clk 1:31:27]} 2... c5
{[%clk 1:30:31]} 3. Nf3 {[%clk 1:31:23]} 3... Nc6 {[%clk 1:30:51]} 4. d4 {
[%clk 1:31:05]} 4... cxd4 {[%clk 1:31:10]} 5. Nxd4 {[%clk 1:31:31]} 5... Nf6 {
[%clk 1:31:26]} 6. Nc3 {[%clk 1:31:34]} 6... Bb4 {[%clk 1:27:18]} 7. Nxc6 {
[%clk 1:31:39]} 7... bxc6 {[%clk 1:27:42]} 8. e5 {[%clk 1:29:13]} 8... Ne4 {
[%clk 1:27:59]} 9. Bd2 {[%clk 1:18:30]} 9... Nxd2 {[%clk 1:22:56]} 10. Qxd2 {
[%clk 1:18:55]} 10... Qc7 {[%clk 1:22:57]} 11. Qe3 {[%clk 1:18:13]} 11... O-O {
[%clk 1:18:04]} 12. Bd3 {[%clk 1:14:50]} 12... f6 {[%clk 1:17:56]} 13. exf6 {
[%clk 1:14:09]} 13... Rxf6 {[%clk 1:18:18]} 14. O-O {[%clk 1:13:58]} 14... d5 {
[%clk 1:14:35]} 15. Rac1 {[%clk 1:06:31]} 15... Bd6 {[%clk 1:09:58]} 16. g3 {
[%clk 1:05:42]} 16... Qf7 {[%clk 1:09:26]} 17. f4 {[%clk 1:02:47]} 17... Qe7 {
[%clk 1:07:21]} 18. Na4 {[%clk 1:02:36]} 18... Bb7 {[%clk 1:06:58]} 19. c5 {
[%clk 1:02:51]} 19... Bc7 {[%clk 1:04:33]} 20. Nc3 {[%clk 0:57:36]} 20... Re8 {
[%clk 0:57:35]} 21. Ne2 {[%clk 0:50:49]} 21... e5 {[%clk 0:57:55]} 22. fxe5 {
[%clk 0:50:03]} 22... Bxe5 {[%clk 0:58:18]} 23. Nd4 {[%clk 0:37:21]} 23...
Rxf1+ {[%clk 0:53:50]} 24. Bxf1 {[%clk 0:35:51]} 24... Bf6 {[%clk 0:48:48]} 25.
Qd3 {[%clk 0:29:37]} 25... Ba6 {[%clk 0:32:36]} 26. Nf5 {[%clk 0:27:13]} 26...
Qe5 {[%clk 0:27:38]} 27. Qxa6 {[%clk 0:26:22]} 27... Qxf5 {[%clk 0:27:56]} 28.
Qd3 {[%clk 0:22:54]} 28... Qg5 {[%clk 0:24:59]} 29. Rc2 {[%clk 0:19:40]} 29...
Re3 {[%clk 0:23:37]} 30. Qd1 {[%clk 0:19:46]} 30... Qe5 {[%clk 0:20:08]} 31.
Re2 {[%clk 0:19:25]} 31... Rxe2 {[%clk 0:16:24]} 32. Qxe2 {[%clk 0:19:35]}
32... Qxe2 {[%clk 0:16:25]} 33. Bxe2 {[%clk 0:19:59]} 33... Bxb2 { [%clk
0:16:48]} 34. Ba6 {[%clk 0:20:21]} 34... Kf7 {[%clk 0:17:05]} 35. Bb7 { [%clk
0:20:41]} 35... Ke6 {[%clk 0:17:03]} 36. Bxc6 {[%clk 0:21:07]} 36... Bd4+
{[%clk 0:17:30]} 37. Kf1 {[%clk 0:21:33]} 37... Bxc5 {[%clk 0:17:55]} 38. Ke2 {
[%clk 0:20:42]} 38... Bg1 {[%clk 0:17:03]} 39. h3 {[%clk 0:20:53]} 39... Ke5 {
[%clk 0:17:07]} 40. Bb5 {[%clk 0:19:42]} 40... Kd4 {[%clk 0:17:00]} 41. Bd3 {
[%clk 0:19:34]} 41... h6 {[%clk 0:17:23]} 42. a4 {[%clk 0:17:32]} 42... Bh2 {
[%clk 0:17:38]} 43. g4 {[%clk 0:17:59]} 43... Bg3 {[%clk 0:17:39]} 44. a5 {
[%clk 0:17:54]} 44... Bh4 {[%clk 0:17:30]} 45. a6 {[%clk 0:18:16]} 45... Bg3 {
[%clk 0:17:29]} 46. Bh7 {[%clk 0:18:16]} 1/2-1/2